Nové sťahovanie národov
Rýchly ekonomický rozvoj a urbanizácia vyšvihli Áziu medzi popredníé regióny sveta, no existujú oblasti, ktorým nepomohli alebo uškodili. Napríklad chudobnej vrstve obyvateľstva alebo životnému prostrediu. Miera urbanizácie v Ázii.
Gespeichert in:
| 1. Verfasser: | |
|---|---|
| Format: | Buchkapitel |
| Sprache: | Slowakisch |
| Schlagworte: | |
| Tags: |
Keine Tags, Fügen Sie das erste Tag hinzu!
|
MARC
| LEADER | 00000naa a2200000 4500 | ||
|---|---|---|---|
| 001 | 0136065 | ||
| 005 | 20231113073345.8 | ||
| 041 | 0 | |a slo | |
| 044 | |a SK | ||
| 245 | 1 | 0 | |a Nové sťahovanie národov |c Alexandra Demetrianová |
| 520 | |a Rýchly ekonomický rozvoj a urbanizácia vyšvihli Áziu medzi popredníé regióny sveta, no existujú oblasti, ktorým nepomohli alebo uškodili. Napríklad chudobnej vrstve obyvateľstva alebo životnému prostrediu. Miera urbanizácie v Ázii. | ||
| 610 | 2 | 0 | |a globalizácia |
| 610 | 2 | 0 | |a rast hospodársky |
| 610 | 2 | 0 | |a urbanizácia |
| 610 | 2 | 0 | |a Ázia |
| 610 | 2 | 0 | |a Thajsko |
| 610 | 2 | 0 | |a chudoba |
| 610 | 2 | 0 | |a bohatstvo |
| 610 | 2 | 0 | |a kriminalita |
| 610 | 2 | 0 | |a prostredie životné |
| 100 | 1 | |a Demetrianová, Alexandra | |